<?xml version="1.0" encoding="UTF-8"?><?xml-stylesheet type="text/xsl" href="static/style.xsl"?><OAI-PMH xmlns="http://www.openarchives.org/OAI/2.0/" xmlns:xsi="http://www.w3.org/2001/XMLSchema-instance" xsi:schemaLocation="http://www.openarchives.org/OAI/2.0/ http://www.openarchives.org/OAI/2.0/OAI-PMH.xsd"><responseDate>2026-04-27T23:23:49Z</responseDate><request verb="GetRecord" identifier="oai:uvadoc.uva.es:10324/3948" metadataPrefix="marc">https://uvadoc.uva.es/oai/request</request><GetRecord><record><header><identifier>oai:uvadoc.uva.es:10324/3948</identifier><datestamp>2021-06-29T09:38:54Z</datestamp><setSpec>com_10324_38</setSpec><setSpec>col_10324_852</setSpec></header><metadata><record xmlns="http://www.loc.gov/MARC21/slim" xmlns:doc="http://www.lyncode.com/xoai" xmlns:xsi="http://www.w3.org/2001/XMLSchema-instance" xmlns:dcterms="http://purl.org/dc/terms/" xsi:schemaLocation="http://www.loc.gov/MARC21/slim http://www.loc.gov/standards/marcxml/schema/MARC21slim.xsd">
<leader>00925njm 22002777a 4500</leader>
<datafield tag="042" ind1=" " ind2=" ">
<subfield code="a">dc</subfield>
</datafield>
<datafield tag="720" ind1=" " ind2=" ">
<subfield code="a">Arranz de la Fuente, Sara</subfield>
<subfield code="e">author</subfield>
</datafield>
<datafield tag="260" ind1=" " ind2=" ">
<subfield code="c">2013</subfield>
</datafield>
<datafield tag="520" ind1=" " ind2=" ">
<subfield code="a">Este documento se basa en el diseño de una propuesta de intervención centrada en el conocimiento y control corporal para llevar a cabo en un aula de Psicomotricidad. Aunque se trata de una Unidad Didáctica Específica, se esfuerza por adoptar un enfoque globalizador e integrar el cuerpo y su actividad motriz en los planteamientos educativos generales.&#xd;
La propuesta se fundamenta en la importancia concedida, sobre todo desde el ámbito psicológico y de la psicomotricidad, a la temática de nuestra Unidad Didáctica como elemento esencial en la estructuración del Esquema corporal. El conocimiento y control corporal, que toma como punto de partida la acción motriz, solicita y desarrolla todos los aspectos o componentes de la personalidad y por tanto, se configura como uno de los principales contenidos a desarrollar en la Educación Infantil, facilitando el desarrollo de diversas capacidades y la iniciación a otros aprendizajes escolares.</subfield>
</datafield>
<datafield tag="024" ind2=" " ind1="8">
<subfield code="a">http://uvadoc.uva.es/handle/10324/3948</subfield>
</datafield>
<datafield ind1=" " ind2=" " tag="653">
<subfield code="a">Psicomotricidad</subfield>
</datafield>
<datafield ind1=" " ind2=" " tag="653">
<subfield code="a">Educación psicomotriz</subfield>
</datafield>
<datafield tag="245" ind1="0" ind2="0">
<subfield code="a">La percepción y el control corporal en Educación Infantil. Una propuesta de intervención para su desarrollo</subfield>
</datafield>
</record></metadata></record></GetRecord></OAI-PMH>